| 000 | 02339nam a22003498a 4500 | ||
|---|---|---|---|
| 001 | CR9781139107860 | ||
| 003 | UkCbUP | ||
| 005 | 20180107143415.0 | ||
| 006 | m|||||o||d|||||||| | ||
| 007 | cr|||||||||||| | ||
| 008 | 110711s2013||||enk s ||1 0|eng|d | ||
| 020 | _a9781139107860 (ebook) | ||
| 020 | _z9781107020856 (hardback) | ||
| 020 | _z9781107653603 (paperback) | ||
| 040 |
_aUkCbUP _cUkCbUP _erda |
||
| 050 | 0 | 0 |
_aZ286.S37 _bH35 2013 |
| 082 | 0 | 0 |
_a070.5 _223 |
| 100 | 1 |
_aMorris, Sally, _eauthor. |
|
| 245 | 1 | 4 |
_aThe Handbook of Journal Publishing / [electronic resource] _cSally Morris, Ed Barnas, Douglas LaFrenier, Margaret Reich. |
| 264 | 1 |
_aCambridge : _bCambridge University Press, _c2013. |
|
| 300 |
_a1 online resource (480 pages) : _bdigital, PDF file(s). |
||
| 336 |
_atext _btxt _2rdacontent |
||
| 337 |
_acomputer _bc _2rdamedia |
||
| 338 |
_aonline resource _bcr _2rdacarrier |
||
| 500 | _aTitle from publisher's bibliographic system (viewed on 09 Oct 2015). | ||
| 520 | _aThe Handbook of Journal Publishing is a comprehensive reference work written by experienced professionals, covering all aspects of journal publishing, both online and in print. Journals are crucial to scholarly communication, but changes in recent years in the way journals are produced, financed, and used make this an especially turbulent and challenging time for journal publishers - and for authors, readers, and librarians. The Handbook offers a thorough guide to the journal publishing process, from editing and production through marketing, sales, and fulfilment, with chapters on management, finances, metrics, copyright, and ethical issues. It provides a wealth of practical tools, including checklists, sample documents, worked examples, alternative scenarios, and extensive lists of resources, which readers can use in their day-to-day work. Between them, the authors have been involved in every aspect of journal publishing over several decades and bring to the text their experience working for a wide range of publishers in both the not-for-profit and commercial sectors. | ||
| 700 | 1 |
_aBarnas, Ed, _eauthor. |
|
| 700 | 1 |
_aLaFrenier, Douglas, _eauthor. |
|
| 700 | 1 |
_aReich, Margaret, _eauthor. |
|
| 776 | 0 | 8 |
_iPrint version: _z9781107020856 |
| 856 | 4 | 0 |
_uhttp://dx.doi.org/10.1017/CBO9781139107860 _zCambridge Books Online |
| 999 |
_c236683 _d236683 |
||